000
00191nam a2200085Ia 4500
008
240331s9999 xx 000 0 und d
100
_a
De Silva,A
245
4
_a
The unpredictable blood
942
_c
L
999
_c
3351
_d
3351